[Event "Torneo Internazionale Slavia"]
[Site "Sofia BUL"]
[Date "1975.01.??"]
[Round "?"]
[White "Radev, Nikolai"]
[Black "Paoli, Enrico"]
[WhiteElo "2360"]
[BlackElo "2270"]
[Result "1-0"]
[PlyCount "49"]
[EventDate "1975.01.15"]

1. e4 c5 2. Nf3 Nc6 3. d4 cxd4 4. Nxd4 Nf6 5. Nc3 d6 6. Bg5 e6 7. Qd2 a6 8.
O-O-O Bd7 9. f4 Be7 10. Nf3 b5 11. Bxf6 gxf6 12. Kb1 b4 13. Ne2 Qb6 14. f5 a5
15. Nf4 Qc5 16. fxe6 fxe6 17. g3 O-O 18. Bh3 Nd8 19. Nd4 Qe5 20. Rhe1 Rf7 21.
Qg2 Rb8 22. Ndxe6 Rb5 23. Nd4 Bxh3 24. Qxh3 Rc5 25. Nf3 1-0